000 00703nam a2200181Ia 4500
008 151018s9999 xx 000 0 und d
082 _bRBASDV6914
_a891.463
100 _aएस एन काशीकर
245 _aचौकट्या राजा इस्पिकची राणी
250 _b1
260 _bभारतीय प्रकाशन संस्था
_c1969
300 _a120
600 _aएस एन काशीकर
630 _aचौकट्या राजा इस्पिकची राणी
700 _aएस एन काशीकर
730 _aचौकट्या राजा इस्पिकची राणी
942 _cBOOK
999 _c1009283
_d1009280